000 00307nam a22001337a 4500
008 170712b xxu||||| |||| 00| 0 eng d
020 _a9780198641711
041 _aeng
080 _a038
100 _a26
101 _aFJA
245 _aTHE OXFORD DUDEN GERMAN DICTIONARY
_cTHUMB.I
942 _2udc
_cBK
999 _c20276
_d20276